000 00598nam a22001937a 4500
003 LK-CoMWRAF
005 20231225184518.0
008 231225b1983 |||||||| |||| 00| 0 eng d
040 _aLK-CoMWRAF
_dLK-CoMWRAF
_eLK-CoMWRAF
041 _aeng
082 _a305.8
_bSRI
245 _a Sri Lanka- who wants a separate state?
260 _a[Colombo]:
_bDepartment of Information, Sri Lanka,
_c[1983]
300 _a 8 unnumbered p. ; 21 cm.
490 _a Overseas information series
_vno. 9
650 _aSri Lanka- Politics and government
650 _aTamil (Indic people) Sri Lanka
942 _cBK
999 _c4563
_d4563